US States with an 'IN' Quiz Stats

 Plays Quiz Updated Oct 10, 2017

Support Sporcle.
Go Orange.
Score 0/11 Timer 01:00
2 Plays Today
% Correct
Indiana
92.2%
Minnesota
60.3%
Washington
59.6%
Maine
58.9%
Wisconsin
58.2%
Virginia
54%
North Carolina
53.6%
South Carolina
52.8%
West Virginia
48.9%
Wyoming
40.4%
Illinois
39.8%

From the Vault

'W' Vocabulary (Hard)

by beforever

What's in a word?
Remove Ads.
Support Sporcle.
Get the best of Sporcle when you Go Orange. This ad-free experience offers more features, more stats, and more fun while also helping to support Sporcle. Thank you for becoming a member.

Show Comments

Extras

Top Quizzes Today


Score Distribution

Your Account Isn't Verified!

In order to create a playlist on Sporcle, you need to verify the email address you used during registration. Go to your Sporcle Settings to finish the process.

Report this User

Report this user for behavior that violates our Community Guidelines.

Details: